English Reading Skills / (Record no. 11289)
[ view plain ]
| 000 -LEADER | |
|---|---|
| fixed length control field | 00744nam a2200277 a 4500 |
| 001 - CONTROL NUMBER | |
| JCCL Control Number | 11289 |
| 003 - CONTROL NUMBER IDENTIFIER | |
| JCCL marc code | BD-JhCC |
| 005 - DATE AND TIME OF LATEST TRANSACTION | |
| control field | 20220829134022.0 |
| 008 - FIXED-LENGTH DATA ELEMENTS--GENERAL INFORMATION | |
| fixed length control field | 190622t20102018bg |||| ||a| 000 0 eng d |
| 020 ## - INTERNATIONAL STANDARD BOOK NUMBER | |
| International Standard Book Number | 9847002001182 |
| 035 ## - SYSTEM CONTROL NUMBER | |
| system control number | (BD-JhCC)11289 |
| 040 ## - CATALOGING SOURCE | |
| Original cataloging agency | BD-JhCC |
| Modifying agency | BD-JhCC |
| 041 ## - LANGUAGE CODE | |
| Language code of Book | eng |
| 082 ## - DEWEY DECIMAL CLASSIFICATION NUMBER | |
| Author mark and Year | HAQ 2018 |
| Classification number | 428.1 |
| 100 ## - MAIN ENTRY--PERSONAL NAME | |
| Personal name | Haque, Ataul |
| 245 ## - TITLE STATEMENT | |
| Title | English Reading Skills / |
| Statement of responsibility, etc | Ataul Haque, Jahurul Islam, Binoy Barman . |
| 250 ## - EDITION STATEMENT | |
| Edition statement | 4th ed. |
| 260 ## - PUBLICATION, DISTRIBUTION, ETC. (IMPRINT) | |
| Place of publication, distribution, etc | Dhaka: |
| Name of publisher, distributor, etc | Friend's Book Corner; |
| Date of publication, distribution, etc | 2018. |
| 300 ## - PHYSICAL DESCRIPTION | |
| Pagination | 400 p. : |
| Dimensions | 22 cm. |
| 490 ## - SERIES STATEMENT | |
| Series statement | Friends' Language Series. |
| 650 ## - SUBJECT ADDED ENTRY--TOPICAL TERM | |
| Topical term or geographic name as entry element | Reading |
| General subdivision | English Language |
| 700 ## - ADDED ENTRY--PERSONAL NAME | |
| Personal name | Islam, Jahurul |
| 700 ## - ADDED ENTRY--PERSONAL NAME | |
| Personal name | Barman, Binoy |
| 942 ## - ADDED ENTRY ELEMENTS (KOHA) | |
| Source of classification or shelving scheme | Dewey Decimal Classification |
| Koha item type | Books |
| Koha issues (borrowed), all copies | 1 |
| Source of classification or shelving scheme | Damaged status | Not for loan | Home library | Current library | Shelving location | Date of accession | Cost, normal purchase price | Total Checkouts | Full call number | Barcode | Date last seen | Date checked out | Copy number | Koha item type |
|---|---|---|---|---|---|---|---|---|---|---|---|---|---|---|
| Dewey Decimal Classification | JCC Rouf Library | JCC Rouf Library | General Stacks | 06/22/2019 | 250.00 | 1 | 428.1 HAQ 2018 | 15519 | 08/30/2022 | 08/29/2022 | C-1 | Books | ||
| Dewey Decimal Classification | JCC Rouf Library | JCC Rouf Library | General Stacks | 06/22/2019 | 250.00 | 3 | 428.1 HAQ 2018 | 15345 | 05/26/2024 | 04/28/2024 | C-2 | Books |